000 00551nam a2200217Ia 4500
003 OSt
005 20220924143316.0
006 a|||||r|||| 00| 0
007 ta
008 220923b |||||||| |||| 00| 0 urd d
024 _a307698
037 _cTextual
040 _aARTS
_cARTS
_burd
041 _2urd
_aurd
082 _aO168,1M47,1, M4
100 _aSamar Asghar Hussain
_9215376
245 0 _aGuldasta-e-samar
260 _c1984
942 _hO168,1M47,1, M4
_cTEXL
_2CC
999 _c454020
_d454020